000 00947nam a2200217 i 4500
001 150845
003 ES-MaACL
005 20251103200237.0
007 t|
008 071114s1909 fr ||||1| fre d
100 1 _aBourgeois, Emile.
_930981
245 1 3 _aLa diplomatie secrète au XVIIIe siècle :
_bses débuts /
_cpar Emile Bourgeois.
260 _aParis :
_bA. Colin,
_c[1909]
300 _a3 v. ;
_c25 cm.
505 8 _aContiene: I. Le secret du régent et la politique de l'abbé Dubois (triple et quadruple alliances) (1716-1718) - II. Le secret des Farnése, Philippe V et la politique d'Alberoni - III. Le secret de Dubois, cardinal et premier ministre [la guerre, la paix, l'alliance avec l'Espagne, 1718-1723]
600 1 4 _aDubois, Guillaume.
_945764
600 1 4 _aAlberoni, Giulio,
_d1664-1752
_919302
651 4 _aFrancia-
_xHistoria-
_y1715-1774, Luis XV.
_98683
852 _aES-MaACL
_jF-5931-33
999 _c150845
_d150845